00479 2200205 4500001002100000008004100021035002000062245003800082100001900120250000600139260003300145300001100178084001400189082000800203650001400211990001200225990001200237990001200249990001200261INLIS000000000000534 ind  a0010-0424000510 aKreasi Busana AnakcWahyu Eka P.S aEka P.S, Wahyu a1 aKlaten :bIntan Sejatic2013 a76 hlm a600 WAH k a600 aNon Fiksi a0722164 a0722165 a0722166 a0722167